Movies Quiz

Random Movies or Actor Quiz

***Actor Lookalikes*** (Pictures) Quiz Stats

 Plays Quiz not verified by Sporcle

Score 0/32 Timer 12:00
0 Plays Today
Picture Actor % Correct
Row 3Johnny Depp
94.7%
Row 1Natalie Portman
82.7%
Row 4Dr. Phil
78.8%
Row 1Keira Knightley
77.4%
Row 1Matthew Broderick
76.9%
Row 3Jennifer Garner
76%
Row 3James Franco
72.3%
Row 2Hugh Jackman
71.6%
Row 3James Dean
66.8%
Row 4Not an actor, but such uncanny resemblance
66.6%
Row 2Sting
65.5%
Row 3Rachel McAdams
64.6%
Row 2Bette Midler
64%
Row 1Javier Bardem
50.1%
Row 3Blake Lively
45.2%
Row 4Amy Smart
39.1%
Picture Actor % Correct
Row 1Jon Cryer
37.8%
Row 2Malcolm McDowell
36.9%
Row 1Kirstie Alley
35.9%
Row 2Joy Behar
27.6%
Row 3Skeet Ulrich
24.7%
Row 4Thomas Jane
18.5%
Row 1Jeffrey Dean Morgan
18.2%
Row 2Heather Graham
15.3%
Row 4Christopher Lambert
14.5%
Row 2Goran Visnjic
4.8%
Row 4Peta Wilson
4.6%
Row 4Raquel Welch
4.5%
Row 1Meg Foster
3%
Row 2Marley Shelton
1.8%
Row 3Sarah Roemer
1.7%
Row 4Laura Harring
0.5%

You're not logged in!

Compare scores with friends on all Sporcle quizzes.
OR
Log In

Show Comments

Extras

Created Oct 19, 2010ReportNominate
Tags:Actor Quiz, Image Quiz

Top Quizzes Today


Score Distribution

Your Account Isn't Verified!

In order to create a playlist on Sporcle, you need to verify the email address you used during registration. Go to your Sporcle Settings to finish the process.

Report this User

Report this user for behavior that violates our Community Guidelines.

Details: